| 000 | 01568nam a2200313 a 4500 | ||
|---|---|---|---|
| 001 | BRCA_2361 | ||
| 005 | 20190320203756.0 | ||
| 008 | 061108s1905----sp-#---###---#000-0#spa-u | ||
| 041 | _aspa | ||
| 044 | _asp | ||
| 084 |
_a002 _b.T65 _c1905 F1605 |
||
| 100 | 1 |
_aCervantes Saavedra, Miguel de _d1547-1616 _9213 |
|
| 245 | 1 | 0 |
_aEl Ingenioso Hidalgo Don Quixote de la Mancha _cMiguel de Cervantes Saavedra. |
| 260 |
_aBarcelona _bToledano López _c1905 |
||
| 300 |
_a2 v. _c18 cm. |
||
| 440 | 0 |
_aEnciclopedia literaria _nvii _97076 |
|
| 500 | _aContenido : v 1. Primera parte. Tasa. Testimonio de erratas. Privilegio. Dedicatoria del autor al Duque de Béjar. Prólogo del autor. Versos preliminares. Texto | ||
| 500 | _aFacsímil de : El ingenioso hidalgo Don Quixote de la Mancha. Madrid: Juan de la Cuesta, 1605 | ||
| 500 | _aFacsímil de la primera parte de la edición príncipe. Editado por Librería Científico-Literaria Toledano López, Barcelona, el año de 1905. Forma parte de la colección: Enciclopedia Literaria, t. vii. Ejemplar bellamente encuadernado en semipiel, con letras y florones dorados Lúdovik Osterc | ||
| 500 | _aExistencias : El ejemplar descrito carece del volumen 2 | ||
| 500 | _aQM1132 | ||
| 650 | 1 | 4 |
_aNovela española _yÉpoca clásica, 1500-1700 _9215 |
| 650 | 1 | 4 |
_aLiteratura española _yÉpoca clásica, 1500-1700 _9216 |
| 650 | 1 | 4 |
_aNovela española _ySiglo XVII _9217 |
| 650 | 1 | 4 |
_aDon Quijote (Personaje ficticio) _eNovela _9218 |
| 740 | 0 | _aEl Ingenioso Hidalgo Don Quijote de la Mancha | |
| 902 | _aQFM | ||
| 942 |
_2lcc _cB |
||
| 999 |
_c2102 _d2102 |
||